000 01158nam a2200229 a 4500
001 BRCA_7609
005 20190320205917.0
008 280613s2013----mx-a######---#000-0#eng-#
041 _aengspa
050 4 _bF76 2013
245 1 0 _aLa Frontera
_ban exhibition of contemporary jewelry : a look at the border between Mexico and the United States = exposición de joyería contemporánea : un enfoque en la frontera entre México y Estados Unidos
_cexposición organizada por Lorena Lazard y Velvet da Vinci Gallery.
260 _a[México]
_bVelvet da Vinci
_c2013
300 _a154 p.
_bil. a color
_c22 cm.
500 _aCatálogo de la exposición realizada en el Museo Franz Mayer (Ciudad de México), 6 junio - 28 julio, 2013
546 _aTexto en: inglés y español
650 1 4 _aJoyería
_92729
700 1 _aLazard, Lorena
_918759
710 2 _aVelvet da Vinci Gallery (San Francisco, California)
_918760
740 0 _aan exhibition of contemporary jewelry : a look at the border between Mexico and the United States
740 0 _aexposición de joyería contemporánea : un enfoque en la frontera entre México y Estados Unidos
942 _2lcc
_cB
999 _c7283
_d7283